Construction output forecast 2011-2015 (Record no. 112865)

MARC details
000 -LEADER
fixed length control field 01612cad a22002055a 4500
001 - CONTROL NUMBER
control field L154150
008 - FIXED-LENGTH DATA ELEMENTS--GENERAL INFORMATION
fixed length control field 111020s2011 xxk 000 0 eng d
035 ## - SYSTEM CONTROL NUMBER
System control number (Sirsi) u154150
041 0# - LANGUAGE CODE
Language code of text/sound track or separate title eng
110 2# - MAIN ENTRY--CORPORATE NAME
Corporate name or jurisdiction name as entry element Leading Edge
9 (RLIN) 5902
245 00 - TITLE STATEMENT
Title Construction output forecast 2011-2015
Medium [electronic resource]
260 ## - PUBLICATION, DISTRIBUTION, ETC.
Place of publication, distribution, etc. Wokingham
Name of publisher, distributor, etc. Leading Edge
Date of publication, distribution, etc. 2011
505 2# - FORMATTED CONTENTS NOTE
Formatted contents note Executive summary -- The UK economy -- The GB construction sector -- Output forecasts by construction sector -- Summary of output: actual and forecasts 1990 - 2015 -- Regional construction output 2007 - 2011 (current prices) -- Housing sector public and private -- Infrastructure sector -- Public sector including split by education & health -- Industrial sector -- Commercial sector -- Repair & Maintenance housing sector public and private -- Repair & Maintenance non housing sector -- Quarterly historic new output by construction sector current prices -- Forecasts by selected building material sectors -- Summary of output: actual and forecast 1990 - 2015 -- Output graphs: Bricks, blocks, RMC, cementitious materials -- Appendix 1: Forecast methodology -- Appendix 2: The use of forecasts -- Appendix 3: Background to Leading Edge -- Appendix 4: CPD Self assessment record.
520 ## - SUMMARY, ETC.
Summary, etc. Details and brief summary of a forecast for the UK Construction output.
590 ## - LOCAL NOTE (RLIN)
Local note KA
651 #4 - SUBJECT ADDED ENTRY--GEOGRAPHIC NAME
Geographic name United Kingdom
Chronological subdivision
690 ## - LOCAL SUBJECT ADDED ENTRY--TOPICAL TERM (OCLC, RLIN)
Topical term or geographic name as entry element BUILT ENVIRONMENT-CONSTRUCTION MARKET
856 48 - ELECTRONIC LOCATION AND ACCESS
Uniform Resource Identifier <a href="https://www.lead-edge.co.uk/Downloads%20and%20reports/construction-output-forecast">https://www.lead-edge.co.uk/Downloads%20and%20reports/construction-output-forecast</a>
Public note View details of the forecast estimates at www.lead-edge.co.uk
942 ## - ADDED ENTRY ELEMENTS (KOHA)
Suppress in OPAC 0
Holdings
Withdrawn status Lost status Source of classification or shelving scheme Damaged status Not for loan Home library Current library Shelving location Date acquired Total Checkouts Full call number Barcode Date last seen Copy number Price effective from Koha item type
    Dewey Decimal Classification     Virtual Virtual Online 20/10/2011   ONLINE PUBLICATION 154150-2001 06/08/2019 1 06/08/2019 Book